Vapour growth and epitaxy : (Record no. 11370)
[ view plain ]
| 000 -LEADER | |
|---|---|
| fixed length control field | 01312nam a2200349Ii 4500 |
| 001 - CONTROL NUMBER | |
| control field | 11370 |
| 003 - CONTROL NUMBER IDENTIFIER | |
| rucl marc code | BD-RjUL |
| 005 - DATE AND TIME OF LATEST TRANSACTION | |
| control field | 20211208235119.0 |
| 008 - FIXED-LENGTH DATA ELEMENTS--GENERAL INFORMATION | |
| fixed length control field | 140126s1975 ne a b 101 0 eng d |
| 035 ## - SYSTEM CONTROL NUMBER | |
| System control number | MITb10025017 |
| -- | (BD-RjUL)11419 |
| System control number | (OCoLC)02325577 |
| System control number | GLIS00025017 |
| 040 ## - CATALOGING SOURCE | |
| Original cataloging agency | MYG |
| Transcribing agency | MYG |
| Language of cataloging | eng |
| Modifying agency | BD-RjUL |
| 041 ## - LANGUAGE CODE | |
| Language code of text/sound track or separate title | eng |
| 082 ## - DEWEY DECIMAL CLASSIFICATION NUMBER | |
| Classification number | 620.11 |
| Author mark and year | VAP 1975 |
| 099 ## - LOCAL FREE-TEXT CALL NUMBER (OCLC) | |
| Bangla Class number | QD .J829 |
| Bangla Class number | QD |
| -- | .J829 |
| 111 2# - MAIN ENTRY--MEETING NAME | |
| Meeting name or jurisdiction name as entry element | International Conference on Vapour Growth and Epitaxy |
| Number of part/section/meeting | (3rd : |
| Date of meeting | 1975 : |
| Location of meeting | Amsterdam, Netherlands) |
| 9 (RLIN) | 35147 |
| 245 10 - TITLE STATEMENT | |
| Title | Vapour growth and epitaxy : |
| Remainder of title | proceedings of the third International Conference on Vapour Growth and Epitaxy, Amsterdam, the Netherlands, 12-21 August 1975 / |
| Statement of responsibility, etc. | edited by G.W. Cullen...[et al.]. |
| 260 ## - PUBLICATION, DISTRIBUTION, ETC. (IMPRINT) | |
| Place of publication, distribution, etc. | Amsterdam : |
| Name of publisher, distributor, etc. | North-Holland ; |
| Date of publication, distribution, etc. | 1975. |
| 300 ## - PHYSICAL DESCRIPTION | |
| Pagination | xii, 398 p. : |
| Illustrations | ill. ; |
| Size | 26 cm. |
| 490 1# - SERIES STATEMENT | |
| Series statement | Journal of crystal growth ; v.31, 1975 |
| 504 ## - BIBLIOGRAPHY, ETC. NOTE | |
| Bibliography, etc | Includes bibiographies and indexes. |
| 650 #0 - SUBJECT ADDED ENTRY--TOPICAL TERM | |
| Topical term or geographic name as entry element | Crystal growth |
| Form subdivision | Congresses. |
| 9 (RLIN) | 35148 |
| Topical term or geographic name as entry element | Epitaxy |
| Form subdivision | Congresses. |
| 9 (RLIN) | 35149 |
| Topical term or geographic name as entry element | Semiconductors |
| Form subdivision | Congresses. |
| 9 (RLIN) | 28029 |
| Topical term or geographic name as entry element | Thin films |
| Form subdivision | Congresses. |
| 9 (RLIN) | 35150 |
| 700 1# - ADDED ENTRY--PERSONAL NAME | |
| Personal name | Cullen, Glenn Wherry, |
| Dates associated with a name | 1931- |
| 830 #0 - SERIES ADDED ENTRY--UNIFORM TITLE | |
| Volume number/sequential designation | v. 31, 1975. |
| 830 #0 - SERIES ADDED ENTRY--UNIFORM TITLE | |
| Uniform title | Journal of crystal growth ; |
| 942 ## - ADDED ENTRY ELEMENTS (KOHA) | |
| Source of classification or shelving scheme | Dewey Decimal Classification |
| Koha item type | Books |
| Lost status | Source of classification or shelving scheme | Damaged status | Not for loan | Collection code | Permanent Location | Current Location | Shelving location | Date acquired | Source of acquisition | Cost, normal purchase price | Total Checkouts | Full call number | Date last seen | Copy number | Koha item type |
|---|---|---|---|---|---|---|---|---|---|---|---|---|---|---|---|
| Dewey Decimal Classification | Not For Loan | Non-fiction | Central Library, University of Rajshahi | Central Library, University of Rajshahi | Reading Room | 30/10/1978 | Heffers | 44.80 | 620.11 VAP 1975 | 26/01/2014 | C-1 | Books |